<?xml version="1.0" encoding="UTF-8"?>
<record
    xmlns:xsi="http://www.w3.org/2001/XMLSchema-instance"
    xsi:schemaLocation="http://www.loc.gov/MARC21/slim http://www.loc.gov/standards/marcxml/schema/MARC21slim.xsd"
    xmlns="http://www.loc.gov/MARC21/slim">

  <leader>01090nam a2200337 a 4500</leader>
  <controlfield tag="001">000021807</controlfield>
  <controlfield tag="003">DO-SdBNP</controlfield>
  <controlfield tag="005">20221128120923.0</controlfield>
  <controlfield tag="008">100913s1978    dr a   000 0 spa d</controlfield>
  <datafield tag="020" ind1=" " ind2=" ">
    <subfield code="q"> </subfield>
  </datafield>
  <datafield tag="022" ind1=" " ind2=" ">
    <subfield code="2"> </subfield>
    <subfield code="a"> </subfield>
  </datafield>
  <datafield tag="024" ind1=" " ind2=" ">
    <subfield code="2"> </subfield>
    <subfield code="a"> </subfield>
    <subfield code="c"> </subfield>
    <subfield code="d"> </subfield>
    <subfield code="q"> </subfield>
  </datafield>
  <datafield tag="027" ind1=" " ind2=" ">
    <subfield code="q"> </subfield>
  </datafield>
  <datafield tag="028" ind1=" " ind2=" ">
    <subfield code="a"> </subfield>
  </datafield>
  <datafield tag="040" ind1=" " ind2=" ">
    <subfield code="a">DO-SdBNP</subfield>
    <subfield code="b">spa</subfield>
    <subfield code="c">BPMSU </subfield>
  </datafield>
  <datafield tag="082" ind1=" " ind2=" ">
    <subfield code="a">930.1097293 </subfield>
    <subfield code="b">O77a 1978</subfield>
    <subfield code="2">22</subfield>
  </datafield>
  <datafield tag="100" ind1="1" ind2=" ">
    <subfield code="a">Ortega, Elpidio</subfield>
  </datafield>
  <datafield tag="245" ind1="1" ind2="0">
    <subfield code="a">Arqueolog&#xED;a de los monumentos hist&#xF3;ricos de Santo Domingo /</subfield>
    <subfield code="c">Elpidio Ortega , Carmen Fondeur.</subfield>
  </datafield>
  <datafield tag="260" ind1=" " ind2=" ">
    <subfield code="a">San Pedro de Macor&#xED;s :</subfield>
    <subfield code="b">UCE,</subfield>
    <subfield code="c">1978.</subfield>
  </datafield>
  <datafield tag="300" ind1=" " ind2=" ">
    <subfield code="a">241 p. :</subfield>
    <subfield code="b">il. ;</subfield>
    <subfield code="c">23 cm.</subfield>
  </datafield>
  <datafield tag="500" ind1=" " ind2=" ">
    <subfield code="a">Incluye notas al pie de p&#xE1;ginas</subfield>
  </datafield>
  <datafield tag="504" ind1=" " ind2=" ">
    <subfield code="a">Bibliograf&#xED;as : p. 237-241</subfield>
  </datafield>
  <datafield tag="590" ind1=" " ind2=" ">
    <subfield code="6">Inventariado, 2022/VM</subfield>
  </datafield>
  <datafield tag="650" ind1=" " ind2="4">
    <subfield code="a">Monumentos historicos</subfield>
    <subfield code="z">Santo Domingo (Rep&#xFA;blica Dominicana)</subfield>
  </datafield>
  <datafield tag="650" ind1=" " ind2="4">
    <subfield code="a">Excavaciones arqueol&#xF3;gicas</subfield>
    <subfield code="x">Historia </subfield>
    <subfield code="z">Santo Domingo (Rep&#xFA;blica Dominicana)</subfield>
  </datafield>
  <datafield tag="650" ind1=" " ind2="4">
    <subfield code="a">Ceramica </subfield>
    <subfield code="z">Santo Domingo (Rep&#xFA;blica Dominicana)</subfield>
    <subfield code="c"> </subfield>
  </datafield>
  <datafield tag="710" ind1="2" ind2=" ">
    <subfield code="a">Universidad Central del Este</subfield>
  </datafield>
  <datafield tag="900" ind1=" " ind2=" ">
    <subfield code="b"> </subfield>
  </datafield>
  <datafield tag="910" ind1=" " ind2=" ">
    <subfield code="a">VMateo V./Validado </subfield>
  </datafield>
  <datafield tag="942" ind1=" " ind2=" ">
    <subfield code="2">ddc</subfield>
    <subfield code="c">BK</subfield>
  </datafield>
  <datafield tag="952" ind1=" " ind2=" ">
    <subfield code="0">0</subfield>
    <subfield code="1">0</subfield>
    <subfield code="2">ddc</subfield>
    <subfield code="4">0</subfield>
    <subfield code="7">0</subfield>
    <subfield code="8">CD</subfield>
    <subfield code="a">BPMET</subfield>
    <subfield code="b">BPMET</subfield>
    <subfield code="d">2022-11-28</subfield>
    <subfield code="e">Familia Reyes Duluc</subfield>
    <subfield code="l">0</subfield>
    <subfield code="o">BPMSU CD 930.1097293 O77a 1978</subfield>
    <subfield code="p">BPMSU22110043</subfield>
    <subfield code="r">2022-11-28</subfield>
    <subfield code="w">2022-11-28</subfield>
    <subfield code="y">BK</subfield>
  </datafield>
  <datafield tag="999" ind1=" " ind2=" ">
    <subfield code="c">14351</subfield>
    <subfield code="d">14351</subfield>
  </datafield>
</record>
